Dynamický produkt ako súčasť ponuky cestovných kancelárii pod vplyvom pandémie
Dynamický balík, ktorý má poskytnúť alternatívu k bežným možnostiam cestovania počas pandémie COVID-19. Teoretické východiská konceptu cestovnej kancelárie, ponuky cestovnej kancelárie, ako aj produktové trendy s dôrazom na dynamické balenie a portfóliá cestovných kancelárií počas pandémie. Dynamick...
Gespeichert in:
| 1. Verfasser: | |
|---|---|
| Weitere Verfasser: | |
| Format: | Buchkapitel |
| Sprache: | Slowakisch |
| Schlagworte: | |
| Tags: |
Keine Tags, Fügen Sie das erste Tag hinzu!
|
MARC
| LEADER | 00000naa a2200000 4500 | ||
|---|---|---|---|
| 001 | 0277607 | ||
| 005 | 20240502074325.5 | ||
| 041 | 0 | |a slo | |
| 044 | |a SK | ||
| 245 | 1 | 0 | |a Dynamický produkt ako súčasť ponuky cestovných kancelárii pod vplyvom pandémie |c Barbora Opetová, Miroslava Čukanová |
| 520 | |a Dynamický balík, ktorý má poskytnúť alternatívu k bežným možnostiam cestovania počas pandémie COVID-19. Teoretické východiská konceptu cestovnej kancelárie, ponuky cestovnej kancelárie, ako aj produktové trendy s dôrazom na dynamické balenie a portfóliá cestovných kancelárií počas pandémie. Dynamické balenie v čase svetovej pandémie predstavuje spôsob, akým môžu záujemcovia počas pandémie cestovať so zníženým rizikom straty finančných prostriedkov. | ||
| 610 | 2 | 0 | |a agentúry cestovné |
| 610 | 2 | 0 | |a produkty |
| 610 | 2 | 0 | |a služby |
| 610 | 2 | 0 | |a portfólio |
| 610 | 2 | 0 | |a koronavírus |
| 610 | 2 | 0 | |a pandémia |
| 610 | 2 | 0 | |a ruch cestovný |
| 100 | 1 | |a Opetová, Barbora | |
| 700 | 1 | |a Čukanová, Miroslava, 1984- | |